00594nam a2200169 a 4500001001000000005001700010008004100027020001500068040001300083050002400096100002900120245011900149260005300268300003100321500004700352650002500399BRCA_194220190320203617.0931118s1993 nyua---##d---#000-0#eng-d a0872901327 aDLCcDLC 4aNK5100.6b.W48 19931 aWhitehouse, Davidd1941-10aGlassbA Pocket Dictionary of Terms Commonly Used to Describe Glass and Glassmakingccompiled by David Whitehouse. aCorning, New YorkbCorning Museum of Glassc1993 a88 p.bil. a colorc19 cm. aIncluye descripción de las ilustraciones14aVidriovDiccionarios